Statistics for blackbear Charting Songs (Billboard Hot 100)

Click here to take the quiz!

General Stats

  • This quiz has been taken 48 times
    (5 since last reset)
  • The average score is 6 of 8

Answer Stats

AlbumWeeks OnPeakArtist(s)Song% Correct
Everything Means Nothing42 Weeks#11blackbearhot girl bummer
100%
Serotonin Dreams1 Week#99BoyWithUke & blackbearIDGAF
100%
Tickets to My Downfall52 Weeks#20Machine Gun Kelly & blackbearmy ex's best friend
67%
Digital Druglord25 Weeks#40blackbeardo re mi
67%
Mixtape, Vol. 218 Weeks#50Kane Brown & blackbearMemory
67%
Wake Up, Sunshine17 Weeks#55All Time Low ft. Demi Lovato & blackbearMonsters
67%
Mainstream Sellout2 Weeks#59Machine Gun Kelly ft. blackbearmake up sex
67%
These Things Happen Too1 Week#71G-Eazy ft. blackbearHate the Way
33%

Score Distribution

Percentile by Number Answered

Percent of People with Each Score

Your Score History

You have not taken this quiz since the last reset